<?xml version="1.0" encoding="UTF-8"?>
<record
    xmlns:xsi="http://www.w3.org/2001/XMLSchema-instance"
    xsi:schemaLocation="http://www.loc.gov/MARC21/slim http://www.loc.gov/standards/marcxml/schema/MARC21slim.xsd"
    xmlns="http://www.loc.gov/MARC21/slim">

  <leader>02061nam a22003497a 4500</leader>
  <controlfield tag="003">DO-SdBNP</controlfield>
  <controlfield tag="005">20211026145823.0</controlfield>
  <controlfield tag="007">ta</controlfield>
  <controlfield tag="008">210708e2018    dr ||||er|||| 00| pdspa d</controlfield>
  <datafield tag="020" ind1=" " ind2=" ">
    <subfield code="a">9789945890068</subfield>
  </datafield>
  <datafield tag="040" ind1=" " ind2=" ">
    <subfield code="a">DO-SdBNP</subfield>
    <subfield code="b">spa</subfield>
    <subfield code="c">BNPHU</subfield>
  </datafield>
  <datafield tag="041" ind1=" " ind2=" ">
    <subfield code="h">spa</subfield>
  </datafield>
  <datafield tag="082" ind1=" " ind2="4">
    <subfield code="a">RD861.08</subfield>
    <subfield code="b">D812f  2018</subfield>
    <subfield code="2">22</subfield>
  </datafield>
  <datafield tag="100" ind1="1" ind2=" ">
    <subfield code="a">Duarte Camilo, Ismael,</subfield>
    <subfield code="d">1925-</subfield>
    <subfield code="9">79141</subfield>
  </datafield>
  <datafield tag="245" ind1="1" ind2="3">
    <subfield code="a">El fin de la espera /</subfield>
    <subfield code="c">Ismael Durte Camilo  Augusto Daurte Camilo, Fara Emilia Duarte ; edici&#xF3;n y pr&#xF3;logo Fari Rosario.</subfield>
  </datafield>
  <datafield tag="250" ind1=" " ind2=" ">
    <subfield code="a">2a. ed.</subfield>
  </datafield>
  <datafield tag="260" ind1=" " ind2=" ">
    <subfield code="a">Santo Domingo :</subfield>
    <subfield code="b">Flor de Tierra,</subfield>
    <subfield code="c">2018.</subfield>
  </datafield>
  <datafield tag="300" ind1=" " ind2=" ">
    <subfield code="a">72 p. ;</subfield>
    <subfield code="c">22 cm.</subfield>
  </datafield>
  <datafield tag="500" ind1=" " ind2=" ">
    <subfield code="a">Poemario de la familia Duarte.</subfield>
  </datafield>
  <datafield tag="500" ind1=" " ind2=" ">
    <subfield code="a">Incluye  datos biogr&#xE1;ficos de los autores en solapas de la cubierta.</subfield>
  </datafield>
  <datafield tag="505" ind1="0" ind2="0">
    <subfield code="g">Primera parte.</subfield>
    <subfield code="t">Poemas de Ismael Duarte.--</subfield>
    <subfield code="t">Tu partida.--</subfield>
    <subfield code="t">El espejo de tu cara.--</subfield>
    <subfield code="t">Perd&#xF3;name.--</subfield>
    <subfield code="t">El &#xFA;ltimo adi&#xF3;s.--</subfield>
    <subfield code="t">Un para&#xED;so olvidado.--</subfield>
    <subfield code="t">Madre.--</subfield>
    <subfield code="t">Canto a Laguna de Coto.--</subfield>
    <subfield code="t">Mi hermana preferida.--</subfield>
    <subfield code="t">Adela Duarte (acr&#xF3;stico).--</subfield>
    <subfield code="t">Poema a Indhira Daurte.--</subfield>
    <subfield code="t">Matthew.--</subfield>
    <subfield code="t">Catalina (acr&#xF3;stico).--</subfield>
    <subfield code="t">Felicidad (dedicada a la se&#xF1;ora Amarante).--</subfield>
    <subfield code="t">Sue&#xF1;o.--</subfield>
    <subfield code="t">Traici&#xF3;n</subfield>
    <subfield code="t">Nairovy (acr&#xF3;stico).--</subfield>
    <subfield code="t">El poder.--</subfield>
    <subfield code="t">El lamento de una madre.--</subfield>
    <subfield code="t">Igualdad.--</subfield>
    <subfield code="t">verdades.--</subfield>
    <subfield code="t">Loter&#xED;a.--</subfield>
    <subfield code="t">!E' p'alante que vamos&#xA1;.--</subfield>
    <subfield code="t">Los banqueros.--</subfield>
    <subfield code="t">La hero&#xED;na de Connecticut (acr&#xF3;stico).--</subfield>
    <subfield code="t">Sonia Silvestre.--</subfield>
    <subfield code="t">alci de la Rpsa (acr&#xF3;stico).--</subfield>
    <subfield code="t">Cobard&#xED;a.--</subfield>
    <subfield code="t">Mi &#xFA;ltimo poema.</subfield>
  </datafield>
  <datafield tag="505" ind1="0" ind2="0">
    <subfield code="g">Segunda parte.</subfield>
    <subfield code="t">Poemas de Augusto Duarte.--</subfield>
    <subfield code="t">Sendas sin destino.--</subfield>
    <subfield code="t">Domingo triste.--</subfield>
    <subfield code="t">L&#xE1;grimas.--</subfield>
    <subfield code="t">Ocaso.--</subfield>
    <subfield code="t">T&#xFA;.--</subfield>
    <subfield code="t">El lamento de un amor.--</subfield>
    <subfield code="t">Espesa sombra.--</subfield>
    <subfield code="t">Deseo de amarte.--</subfield>
    <subfield code="t">Yo soy.--</subfield>
    <subfield code="t">Despojo.</subfield>
  </datafield>
  <datafield tag="505" ind1="0" ind2="0">
    <subfield code="a">Tercera parte.</subfield>
    <subfield code="t">Poema de Fara Duarte.--</subfield>
    <subfield code="t">Incondicional.</subfield>
  </datafield>
  <datafield tag="590" ind1=" " ind2=" ">
    <subfield code="a">Inventariado 2021 / MF</subfield>
  </datafield>
  <datafield tag="650" ind1=" " ind2="4">
    <subfield code="a">Poes&#xED;a dominicana</subfield>
    <subfield code="9">80353</subfield>
  </datafield>
  <datafield tag="650" ind1=" " ind2="4">
    <subfield code="a">Literatura dominicana</subfield>
    <subfield code="9">80354</subfield>
  </datafield>
  <datafield tag="700" ind1="1" ind2=" ">
    <subfield code="a">Duarte Camilo, Augusto</subfield>
    <subfield code="9">80348</subfield>
    <subfield code="d">1925-</subfield>
  </datafield>
  <datafield tag="700" ind1="1" ind2=" ">
    <subfield code="a">Duarte, Fara Emilia</subfield>
    <subfield code="9">80349</subfield>
  </datafield>
  <datafield tag="700" ind1="1" ind2=" ">
    <subfield code="9">14871</subfield>
    <subfield code="a">Rosario, Fari,</subfield>
    <subfield code="d">1981-</subfield>
    <subfield code="e">edici&#xF3;n y pr&#xF3;logo</subfield>
  </datafield>
  <datafield tag="910" ind1=" " ind2=" ">
    <subfield code="a">Validado. Control de calidad MFF</subfield>
  </datafield>
  <datafield tag="942" ind1=" " ind2=" ">
    <subfield code="2">ddc</subfield>
    <subfield code="c">LBS1</subfield>
  </datafield>
  <datafield tag="952" ind1=" " ind2=" ">
    <subfield code="0">0</subfield>
    <subfield code="1">0</subfield>
    <subfield code="2">ddc</subfield>
    <subfield code="5">1</subfield>
    <subfield code="7">0</subfield>
    <subfield code="8">PD</subfield>
    <subfield code="a">BNPHU</subfield>
    <subfield code="b">PD</subfield>
    <subfield code="c">HD</subfield>
    <subfield code="d">2018-06-29</subfield>
    <subfield code="e">Donado por Editora B&#xFA;ho</subfield>
    <subfield code="l">0</subfield>
    <subfield code="o">BNPHU PD RD861.08 D812f  2018</subfield>
    <subfield code="p">2021-2464</subfield>
    <subfield code="r">2021-07-08</subfield>
    <subfield code="w">2021-07-08</subfield>
    <subfield code="y">LFPD</subfield>
  </datafield>
  <datafield tag="952" ind1=" " ind2=" ">
    <subfield code="0">0</subfield>
    <subfield code="1">0</subfield>
    <subfield code="2">ddc</subfield>
    <subfield code="5">1</subfield>
    <subfield code="7">0</subfield>
    <subfield code="8">PD</subfield>
    <subfield code="a">BNPHU</subfield>
    <subfield code="b">PD</subfield>
    <subfield code="c">HD</subfield>
    <subfield code="d">2018-06-29</subfield>
    <subfield code="e">Donado por Editora B&#xFA;ho</subfield>
    <subfield code="l">0</subfield>
    <subfield code="o">BNPHU PD RD861.08 D812f  2018</subfield>
    <subfield code="p">2021-2465</subfield>
    <subfield code="r">2021-07-08</subfield>
    <subfield code="t">e.2</subfield>
    <subfield code="w">2021-07-08</subfield>
    <subfield code="y">LFPD</subfield>
  </datafield>
  <datafield tag="952" ind1=" " ind2=" ">
    <subfield code="0">0</subfield>
    <subfield code="1">0</subfield>
    <subfield code="2">ddc</subfield>
    <subfield code="5">6</subfield>
    <subfield code="7">0</subfield>
    <subfield code="8">DS</subfield>
    <subfield code="a">BNPHU</subfield>
    <subfield code="b">DO</subfield>
    <subfield code="c">HD</subfield>
    <subfield code="d">0118-06-29</subfield>
    <subfield code="e">Donado por Editora B&#xFA;ho</subfield>
    <subfield code="l">0</subfield>
    <subfield code="o">BNPHU DS RD861.08 D812f  2018</subfield>
    <subfield code="p">2021-2466</subfield>
    <subfield code="r">2021-07-08</subfield>
    <subfield code="t">e.3</subfield>
    <subfield code="w">2021-07-08</subfield>
    <subfield code="y">LFDS</subfield>
  </datafield>
  <datafield tag="999" ind1=" " ind2=" ">
    <subfield code="c">50069</subfield>
    <subfield code="d">50069</subfield>
  </datafield>
</record>
